Řízení projektů a Six sigma
Pojmové vymedzenie Six sigma. Ciele systému Six sigma. Stratégia a operatívny postup. Model postupu pre správne rozhodovanie tímu. Úrovne školení členov tímu Six sigma.
Salvato in:
| Autore principale: | |
|---|---|
| Natura: | Capitolo di libro |
| Lingua: | ceco |
| Soggetti: | |
| Tags: |
Nessun Tag, puoi essere il primo ad aggiungerne!!
|
MARC
| LEADER | 00000naa a2200000 4500 | ||
|---|---|---|---|
| 001 | r043833 | ||
| 005 | 20231002103932.1 | ||
| 041 | 0 | |a cze | |
| 044 | |a CZ | ||
| 245 | 1 | 0 | |a Řízení projektů a Six sigma |c H. Wrana |
| 520 | |a Pojmové vymedzenie Six sigma. Ciele systému Six sigma. Stratégia a operatívny postup. Model postupu pre správne rozhodovanie tímu. Úrovne školení členov tímu Six sigma. | ||
| 610 | 2 | 0 | |a riadenie kvality |
| 610 | 2 | 0 | |a zákazníci |
| 610 | 2 | 0 | |a manažment |
| 610 | 2 | 0 | |a kultúra podniková |
| 610 | 2 | 0 | |a školenie odborné |
| 100 | 1 | |a Wrana, H. | |